000 01266cam a2200133 4500500
005 20260405022338.0
041 _afre
042 _adc
100 1 0 _aSoumet, Hélène
_eauthor
245 0 0 _aInsoumises et conquérantes : Travesties pour changer le cours de l'Histoire
260 _bDunod,
_c2021.
520 _aQuel est le point commun entre Mulan, Louise Michel, Isabelle Eberhardt, George Sand, Rosa Bonheur ou encore Colette ? Qu’elles soient guerrières, savantes et intellectuelles, aventurières et voyageuses ou bien encore artistes et créatrices, elles se sont toutes prêtées à la mystification en volant une identité d’homme ou en se travestissant.Ces femmes ont osé braver l’interdit, elles sont toutes animées par cette soif de vivre à leur manière, envers et contre tout: l’indifférence de la société, le poids de la religion et, partout, la domination masculine.De Mulan, la jeune Chinoise tirée de l’oubli par les studios Disney à Colette, l’auteur nous entraîne dans l’histoire de ces femmes culottées qui ont fait le choix bien avant l’heure de vivre à égalité avec les hommes.
856 4 1 _uhttps://shs.cairn.info/insoumises-et-conquerantes--9782100815197?lang=fr&redirect-ssocas=7080
999 _c2131369
_d2131369